La Comuna de Berlín /

Saved in:
Bibliographic Details
Main Author: Luxemburgo, Rosa
Other Authors: Liebknecht, Carlos
Format: Text
Published: México D.F.: Grijalbo
Tags: Add Tag
No Tags, Be the first to tag this record!

MARC

LEADER 00000 a a2200000 04500
001 22430
003
040
090 |a 151800  
100 |a Luxemburgo, Rosa  
245 |a La Comuna de Berlín /  |c Rosa Luxemburgo  
260 |a México D.F.:   |b Grijalbo  
300 |a 157 p.  
700 |a Liebknecht, Carlos  
999 |c 12741  |d 12741